LEADER 00989cam0-2200337---450- 001 990005573720403321 005 20101021155352.0 035 $a000557372 035 $aFED01000557372 035 $a(Aleph)000557372FED01 035 $a000557372 100 $a19990604d1942----km-y0itay50------ba 101 0 $aita 102 $aIT 105 $ayf------00-yy 200 1 $aArchitettura medioevale in Sicilia$fIntroduzione di G.U. Arata 210 $aNovara$cIstituto geografico De Agostini$dstampa 1942 215 $a[2] c., 40 p. di tav.$d37 cm 225 1 $aDocumentario Athenaeum Fotografico 300 $aIn cartella 610 0 $aSicilia$aArchitettura$aSec. 11.-14. 676 $a720.9458 676 $a723.458 702 1$aArata,$bGiulio Ulisse 801 0$aIT$bUNINA$gRICA$2UNIMARC 901 $aBK 912 $a990005573720403321 952 $a720.945 ARA 1$bST.ARTE 5005$fFLFBC 959 $aFLFBC 996 $aArchitettura medioevale in Sicilia$9607014 997 $aUNINA LEADER 01333cam0-22004691i-450- 001 990005461730403321 005 20061121123455.0 035 $a000546173 035 $aFED01000546173 035 $a(Aleph)000546173FED01 035 $a000546173 100 $a19990604d1973----km-y0itay50------ba 101 1 $aita$cfre 102 $aIT 105 $ay-------001yy 200 1 $aTeoria dei regimi politici$fRaymond Aron$gtrad. di M. Lucioni 210 $aMilano$cEdizioni di Comunita$dc1973 215 $a307 p.$d21 cm 225 1 $aSaggi di cultura contemporanea$v104 454 0$12001$aDémocratie et totalitarisme$923505 610 0 $aRegime politico 676 $a321$v21$zita 676 $a192.40 700 1$aAron,$bRaymond$f<1905-1983>$045642 702 1$aLucioni Diemoz,$bMaria 801 0$aIT$bUNINA$gRICA$2UNIMARC 901 $aBK 912 $a990005461730403321 952 $aSDI-KY 34$bs.i.$fSDI 952 $aCOLLEZ. 98 (104)$b9902$fFSPBC 952 $aCOLLEZ. 208 (104)$b20344*$fFGBC 952 $a321 ARO 1$bST.MED.MOD. 6087$fFLFBC 952 $aXI G A 11(5)$b3796$fDFD 952 $a19240 ARO$b5735/I$fSES 959 $aFLFBC 959 $aFSPBC 959 $aFGBC 959 $aDFD 959 $aSES 959 $aSDI 996 $aDémocratie et totalitarisme$923505 997 $aUNINA LEADER 04570 am 22007573u 450 001 996309066203316 005 20200831091749.0 010 $a1-5015-0487-8 010 $a1-5015-0491-6 024 7 $a10.1515/9781501504914 035 $a(CKB)4100000005043677 035 $a(DE-B1597)470421 035 $a(OCoLC)1041993377 035 $a(DE-B1597)9781501504914 035 $aEBL5525620 035 $a(AU-PeEL)EBL5525620 035 $a(EXLCZ)994100000005043677 100 $a20190723d2018 fg 101 0 $aeng 135 $auru|||||||||| 181 $ctxt$2rdacontent 182 $cc$2rdamedia 183 $acr$2rdacarrier 200 04$aDie babylonisch-assyrische Medizin in Texten und Untersuchungen$h9$iAssyrian and Babylonian Scholarly Text Catalogues ; Medicine, Magic and Divination /$fUlrike Steinert 210 1$aBerlin ;$aBoston :$cDe Gruyter,$d[2018] 210 4$d©2018 215 $a1 online resource (vi,384 pages, plates) $cillustrations 225 0 $aDie babylonisch-assyrische Medizin in Texten und Untersuchungen ;$v9 300 $aDescription based upon print version of record. 311 $a1-5015-1363-X 320 $aIncludes bibliographical references and index 327 $tFrontmatter --$tTable of Contents --$tAcknowledgements --$tAbbreviations --$tIntroduction /$rSteinert, Ulrike --$tPart 1. Studies on Mesopotamian Text Catalogues --$tOn Three Tablet Inventories /$rFinkel, Irving L. --$tA Babylonian Hippocrates /$rGeller, Markham J. --$tTowards a New Perspective on Babylonian Medicine /$rJohnson, J. Cale --$tNotes on the Assur Medical Catalogue with Comparison to the Nineveh Medical Encyclopaedia /$rPanayotov, Strahil V. --$tThe Catalogues of En?ma Anu Enlil /$rRochberg, Francesca --$tEsagil-k?n-apli's Catalogue of Sakikkû and Alamdimmû /$rSchmidtchen, Eric --$tCatalogues, Texts and Specialists /$rSteinert, Ulrike --$tPart 2. Text Sources --$t1. The Assur Medical Catalogue (AMC) /$rSteinert, Ulrike --$t2. The Exorcist's Manual (KAR 44) /$rGeller, M. J. --$t3 The Edition of Esagil-k?n-apli's Catalogue of the Series Sakikkû (SA.GIG) and Alamdimmû /$rSchmidtchen, E. --$tPlates --$tList of Illustrations --$tIndices 330 $aThe reconstruction of ancient Mesopotamian medical, ritual and omen compendia and their complex history is still characterised by many difficulties, debates and gaps due to fragmentary or unpublished evidence. This book offers the first complete edition of the Assur Medical Catalogue, an 8th or 7th century BCE list of therapeutic texts, which forms a core witness for the serialisation of medical compendia in the 1st millennium BCE. The volume presents detailed analyses of this and several other related catalogues of omen series and rituals, constituting the corpora of divination and healing disciplines. The contributions discuss links between catalogues and textual sources, providing new insights into the development of compendia between serialization, standardization and diversity of local traditions. Though its a novel corpus-based approach, this volume revolutionizes the current understanding of Mesopotamian medical texts and the healing disciplines of "conjurer" and "physician". The research presented here allows one to identify core text corpora for these disciplines, as well as areas of exchange and borrowings between them. 410 4$aDie babylonisch-assyrische Medizin in Texten und Untersuchungen ;$vBand 9. 606 $aMagie 606 $aMedicine 606 $aMedizin 606 $aMesopotamian scholarship 606 $aMesopotamische Forschung 606 $aProphezeiung 606 $adivination 606 $amagic 606 $3(DE-601)104584963$3(DE-588)4038243-6$aMedizin$2gnd 606 $aHISTORY / Middle East / General$2bisacsh 610 $aMedicine. 610 $aMesopotamian scholarship. 610 $adivination. 610 $amagic. 615 4$aMagie. 615 4$aMedicine. 615 4$aMedizin. 615 4$aMesopotamian scholarship. 615 4$aMesopotamische Forschung. 615 4$aProphezeiung. 615 4$adivination. 615 4$amagic. 615 7$aMedizin 615 7$aHISTORY / Middle East / General. 702 $aSteinert$b Ulrike 712 02$aEuropean Research Council (ERC)$4fnd$4http://id.loc.gov/vocabulary/relators/fnd 801 0$bDE-B1597 801 1$bDE-B1597 906 $aBOOK 912 $a996309066203316 996 $aDie babylonisch-assyrische Medizin in Texten und Untersuchungen$92256079 997 $aUNISA